[Event "Chennai op 11th"]
[Site "Chennai"]
[Date "2019.01.18"]
[Round "1"]
[White "Karthik, Venkataraman"]
[Black "Chirag, Mudraje"]
[Result "1-0"]
[WhiteElo "2515"]
[BlackElo "1600"]
[PlyCount "143"]
[EventDate "2019.01.18"]
[EventType "swiss"]
[EventRounds "10"]
[EventCountry "IND"]
[SourceTitle "CBM 188 Extra"]
[Source "ChessBase"]
[SourceDate "2019.02.26"]
[SourceVersion "1"]
[SourceVersionDate "2019.02.26"]
[SourceQuality "1"]

1. e4 c5 2. Nf3 d6 3. d4 cxd4 4. Nxd4 Nf6 5. Nc3 g6 6. Be3 Bg7 7. Be2 Nc6 8. Qd2 Ng4 9. Bxg4 Bxg4 10. f3 Be6 11. h4 Ne5 12. b3 a5 13. a4 h5 14. 0-0 0-0 15. Rad1 Rc8 16. Rfe1 Bf6 17. Bf2 Nc6 18. Nce2 Kh7 19. Nb5 Qd7 20. Nf4 Nb4 21. c4 Qd8 22. Nc3 Re8 23. Re2 Qc7 24. Nb5 Qd8 25. Qe1 Be5 26. Be3 Na6 27. Nd3 Bg7 28. Qf2 Rc6 29. Na7 Qa8 30. Nxc6 bxc6 31. Ree1 Rb8 32. Rb1 Nb4 33. Nf4 Rb7 34. Red1 c5 35. Nd5 Nxd5 36. cxd5 Bd7 37. Qc2 Qb8 38. Bd2 Qa7 39. Kh1 Bf6 40. Be1 Kg7 41. Bc3 Rb6 42. Be1 Kh7 43. g3 Kg8 44. Kg2 Bd4 45. Bd2 Bg7 46. Re1 Qa8 47. Bg5 Bf6 48. Bxf6 exf6 49. Qc3 Kg7 50. f4 Qb8 51. e5 Qb7 52. exf6+ Kh7 53. Qd2 Rxb3 54. Rxb3 Qxb3 55. Re7 Bg4 56. Rxf7+ Kg8 57. Rg7+ Kf8 58. f5 gxf5 59. Re7 f4 60. Qxf4 Qxd5+ 61. Kg1 Qd4+ 62. Qxd4 cxd4 63. Re4 d3 64. Rd4 Bf5 65. Rxd6 Kf7 66. Kf2 Be6 67. Ke3 Kxf6 68. Kxd3 Ke5 69. Ra6 Kf5 70. Rxa5+ Kg4 71. Rg5+ Kf3 72. a5 1-0